000 00684nam a22001935i 4500
001 166199
003 ES-MaACL
005 20250702063124.0
008 050914s1872 gw | |||||||| ||eng d
040 _aCAM
_bspa
_cCAM
100 1 _aThackeray, William Makepeace,
_d1811-1863
_9109858
245 1 4 _aThe irish sketch-book /
_cby W.M. Thackeray.
260 _aLeipzig :
_bBernhard Tauchnitz,
_c1872.
300 _a2 v. (280 ; 296 p.) ;
_c16 cm.
490 1 _aCollection of british authors ;
_v1261 ; 1262
830 0 _aCollection of british authors ;
_v1261 ; 1262
_9180703
852 _aES-MaACL
_jG-11967
_z-- Enc. hol.
_z-- Enc. 2 t. en 1 v.
999 _c166199
_d166199